[Event "Olimpiada de Khanty-Mansiysk 2010"]
[Site "Khanty-Mansiysk RUS"]
[Date "2010.09.21"]
[Round "1.2"]
[White "Kett, Tim"]
[Black "Harikrishna, Pentala"]
[Result "0-1"]
[WhiteElo "2219"]
[BlackElo "2645"]
[PlyCount "206"]
[EventDate "2010.09.21"]
[EventType "team"]
[EventRounds "11"]
[EventCountry "RUS"]
[Source "lmi"]
[SourceDate "2010.09.21"]
[WhiteTeam "Gales"]
[BlackTeam "India"]
[WhiteTeamCountry "WLS"]
[BlackTeamCountry "IND"]

1. e4 c5 2. Nf3 d6 3. d4 cxd4 4. Nxd4 Nf6 5. Nc3 a6 6. Bg5 Nbd7 7. f4 Qc7 8.
Qf3 b5 9. e5 Bb7 10. exd6 Qb6 11. Qe3 e6 12. Bxf6 Nxf6 13. Ncxb5 Nd5 14. Qb3
axb5 15. Bxb5+ Kd8 16. O-O-O Bxd6 17. f5 Be5 18. Nf3 Bf4+ 19. Kb1 Kc8 20. fxe6
fxe6 21. Rhe1 Kb8 22. g3 Nc7 23. Nd4 e5 24. Nc6+ Bxc6 25. Bxc6 Qxb3 26. axb3
Ra6 27. Bg2 Bg5 28. Rxe5 Bf6 29. Rc5 Rd8 30. Rxd8+ Bxd8 31. Rc6 Rxc6 32. Bxc6
Ne6 33. c3 Bb6 34. Bd5 Nc7 35. Bg8 h6 36. Kc2 Ne8 37. Kd3 Nf6 38. Be6 Bg1 39.
h3 Nh5 40. b4 Nxg3 41. c4 Nh5 42. Ke4 Kc7 43. c5 Kc6 44. Bc4 Nf6+ 45. Ke5 Be3
46. Be2 Bd2 47. Bf3+ Kb5 48. Ke6 Bxb4 49. Kf7 Bd2 50. c6 Kb6 51. Kxg7 Ne8+ 52.
Kg6 Nc7 53. Kf5 Kc5 54. Ke5 Be3 55. b3 Bd2 56. Ke4 Ba5 57. Ke3 Nb5 58. Bg2 Kb4
59. h4 Kxb3 60. h5 Kb4 61. Kf4 Kc5 62. Kf5 Kd6 63. Bh1 Nd4+ 64. Kf4 Ke6 65. Ke4
Nxc6 66. Kf4 Bd2+ 67. Kg3 Nd4 68. Be4 Kf6 69. Kg4 Ne6 70. Bg6 Ke5 71. Be8 Ke4
72. Bg6+ Ke3 73. Be8 Kf2 74. Bg6 Nd4 75. Be4 Ba5 76. Bd5 Nc2 77. Bf7 Ne3+ 78.
Kh3 Bc7 79. Be8 Nd5 80. Bf7 Nf6 81. Bg6 Bb8 82. Bf7 Kf3 83. Bb3 Bc7 84. Be6 Nh7
85. Bd5+ Kf4 86. Kg2 Ng5 87. Bc6 Kg4 88. Be8 Bb6 89. Bg6 Ne6 90. Be8 Nf4+ 91.
Kh2 Kf3 92. Bc6+ Kf2 93. Be8 Bc7 94. Kh1 Ne2 95. Bf7 Ng3+ 96. Kh2 Nxh5+ 97. Kh3
Nf6 98. Bg6 Bg3 99. Bc2 h5 100. Bd1 h4 101. Ba4 Nd5 102. Kg4 Nf4 103. Bc6 h3
0-1

[Event "Olimpiada de Khanty-Mansiysk 2010"]
[Site "Khanty-Mansiysk RUS"]
[Date "2010.09.21"]
[Round "1.1"]
[White "Kojima, Shinya"]
[Black "Flores, Diego"]
[Result "0-1"]
[WhiteElo "2334"]
[BlackElo "2615"]
[PlyCount "88"]
[EventDate "2010.09.21"]
[EventType "team"]
[EventRounds "11"]
[EventCountry "RUS"]
[Source "lmi"]
[SourceDate "2010.09.21"]
[WhiteTeam "Japón"]
[BlackTeam "Argentina"]
[WhiteTeamCountry "JPN"]
[BlackTeamCountry "ARG"]

1. e4 d6 2. d4 Nf6 3. Nc3 g6 4. Be3 c6 5. Qd2 b5 6. Bd3 Nbd7 7. Nf3 e5 8. dxe5
dxe5 9. h3 Bb7 10. O-O Bg7 11. a4 a6 12. Ne2 O-O 13. Ng3 Qe7 14. c4 b4 15. c5
a5 16. Rac1 Rfd8 17. Rfd1 Nf8 18. Qc2 Ne8 19. Bc4 Ne6 20. Bxe6 Qxe6 21. Nd2 Ba6
22. Nb3 Rxd1+ 23. Rxd1 Qc4 24. Rc1 Qxc2 25. Rxc2 Bd3 26. Rc1 f5 27. exf5 gxf5
28. Nh5 f4 29. Nxg7 Kxg7 30. Bd2 Bf5 31. Be1 Be6 32. Nd2 Bd5 33. f3 Nc7 34. Bh4
Kf7 35. Kf2 Ne6 36. Nc4 Bxc4 37. Rxc4 Nd4 38. Kf1 Ke6 39. Rc1 Ra7 40. Bd8 Rd7
41. Bb6 Nb3 42. Re1 Rd2 43. Re2 Rxe2 44. Kxe2 Kd5 0-1

[Event "Olimpiada de Khanty-Mansiysk 2010"]
[Site "Khanty-Mansiysk RUS"]
[Date "2010.09.21"]
[Round "1.4"]
[White "Valerga, Diego"]
[Black "Nakamura, Ryuji"]
[Result "1-0"]
[WhiteElo "2508"]
[BlackElo "2187"]
[PlyCount "69"]
[EventDate "2010.09.21"]
[EventType "team"]
[EventRounds "11"]
[EventCountry "RUS"]
[Source "lmi"]
[SourceDate "2010.09.21"]
[WhiteTeam "Argentina"]
[BlackTeam "Japón"]
[WhiteTeamCountry "ARG"]
[BlackTeamCountry "JPN"]

1. d4 d5 2. c4 e6 3. Nf3 Nf6 4. Nc3 Nbd7 5. Bg5 c6 6. e3 Qa5 7. cxd5 Nxd5 8.
Qd2 N7b6 9. Bd3 Nxc3 10. bxc3 Nd5 11. O-O Qxc3 12. Qe2 h6 13. Bh4 Bd6 14. Nd2
Qa5 15. Nc4 Qc7 16. Nxd6+ Qxd6 17. Bg3 Qd8 18. e4 Ne7 19. Rad1 O-O 20. Bh4 Qc7
21. Bc4 c5 22. Bg3 Qa5 23. dxc5 Nc6 24. Bd6 Re8 25. Rd3 Bd7 26. Rg3 Qd8 27. Rd1
Kh8 28. Qg4 Rg8 29. Bf4 Qe8 30. Qh4 Kh7 31. Rh3 e5 32. Bxh6 Bxh3 33. Be3+ Kg6
34. Qg5+ Kh7 35. Qh5# 1-0

[Event "Olimpiada de Khanty-Mansiysk 2010"]
[Site "Khanty-Mansiysk RUS"]
[Date "2010.09.21"]
[Round "1.4"]
[White "Angulo, P  Carlos"]
[Black "Sebenik, Matej"]
[Result "0-1"]
[WhiteElo "2210"]
[BlackElo "2516"]
[PlyCount "142"]
[EventDate "2010.09.21"]
[EventType "team"]
[EventRounds "11"]
[EventCountry "RUS"]
[Source "lmi"]
[SourceDate "2010.09.21"]
[WhiteTeam "BOL"]
[BlackTeam "SLO"]

1. d4 d5 2. c4 c6 3. Nf3 Nf6 4. Nc3 dxc4 5. a4 Bf5 6. e3 e6 7. Bxc4 Bb4 8. O-O
O-O 9. Qb3 Qb6 10. Na2 Bd6 11. Re1 Nbd7 12. Nh4 Qc7 13. h3 Nb6 14. Nc3 Nxc4 15.
Qxc4 Be4 16. Bd2 Rfd8 17. Rec1 Rac8 18. Be1 Bd5 19. Nxd5 exd5 20. Qd3 a6 21.
Nf3 Qe7 22. Bc3 Ne4 23. Nd2 Bb8 24. Ba5 Rd7 25. f3 Nxd2 26. Bxd2 Qd6 27. f4 Re7
28. b4 Re4 29. b5 axb5 30. axb5 g5 31. bxc6 bxc6 32. Qa6 Ree8 33. Rf1 h5 34.
Qe2 Qg6 35. f5 Qh6 36. Qf3 Re4 37. f6 Rce8 38. Qf5 g4 39. Kh1 Kh8 40. Ra8 gxh3
41. gxh3 h4 42. Rb1 Bg3 43. Rxe8+ Rxe8 44. Rb7 Qh7 45. Qxh7+ Kxh7 46. Rxf7+ Kg6
47. Rb7 Kxf6 48. Kg2 Ke6 49. Bb4 Ra8 50. Re7+ Kf5 51. Kf3 Ra4 52. Rf7+ Kg6 53.
Rb7 Kf5 54. Rf7+ Kg6 55. Rb7 Ra1 56. Bc5 Rf1+ 57. Kg4 Rg1 58. Rd7 Be1+ 59. Kf3
Bd2 60. e4 dxe4+ 61. Kxe4 Re1+ 62. Kd3 Bf4 63. Re7 Rh1 64. Ke4 Bg5 65. Re6+ Kh5
66. Rxc6 Rxh3 67. d5 Rh1 68. Kf3 Rd1 69. Bf2 h3 70. Kg3 Rd3+ 71. Kh2 Bf4+ 0-1

[Event "Olimpiada de Khanty-Mansiysk 2010"]
[Site "Khanty-Mansiysk RUS"]
[Date "2010.09.21"]
[Round "1.4"]
[White "Kahn, Tito"]
[Black "Podolchenko, Evgeniy"]
[Result "0-1"]
[WhiteElo "2181"]
[BlackElo "2506"]
[PlyCount "44"]
[EventDate "2010.09.21"]
[EventType "team"]
[EventRounds "11"]
[EventCountry "RUS"]
[Source "lmi"]
[SourceDate "2010.09.21"]
[WhiteTeam "Islas del Canal"]
[BlackTeam "Bielorusia"]
[WhiteTeamCountry "JCI"]
[BlackTeamCountry "BLR"]

1. c4 Nf6 2. g3 c6 3. Bg2 d5 4. Nf3 Bg4 5. O-O Nbd7 6. d4 e6 7. b3 Be7 8. Bb2
O-O 9. Nbd2 a5 10. a4 Bb4 11. Ne5 Nxe5 12. dxe5 Nd7 13. h3 Bh5 14. g4 Bg6 15.
f4 Qb6+ 16. Kh1 f5 17. exf6 Nxf6 18. Nf3 Ne4 19. Bd4 Bc5 20. Kh2 Rxf4 21. Be5
Rff8 22. cxd5 exd5 0-1

[Event "Olimpiada de Khanty-Mansiysk 2010"]
[Site "Khanty-Mansiysk RUS"]
[Date "2010.09.21"]
[Round "1.2"]
[White "Gonzalez Zamora, Juan Car"]
[Black "Shrestha, Bilam Lal"]
[Result "1-0"]
[WhiteElo "2564"]
[BlackElo "2096"]
[PlyCount "51"]
[EventDate "2010.09.21"]
[EventType "team"]
[EventRounds "11"]
[EventCountry "RUS"]
[Source "lmi"]
[SourceDate "2010.09.21"]
[WhiteTeam "México"]
[BlackTeam "Nepal"]
[WhiteTeamCountry "MEX"]
[BlackTeamCountry "NEP"]

1. Nf3 d5 2. d4 Nf6 3. e3 e6 4. Bd3 Nbd7 5. b3 Bd6 6. Bb2 c6 7. O-O Qe7 8. Ne5
g6 9. Nd2 Ba3 10. Bxa3 Qxa3 11. f4 Qd6 12. Qf3 O-O 13. Qh3 Ne8 14. Qh6 Qe7 15.
Rf3 f5 16. Rh3 Qg7 17. Qh4 Nef6 18. Ndf3 Nh5 19. Kh1 Ndf6 20. Rg1 Ng4 21. Qe1
a5 22. Rh4 Ngf6 23. g4 fxg4 24. Ng5 h6 25. Bxg6 hxg5 26. fxg5 1-0

[Event "Olimpiada de Khanty-Mansiysk 2010"]
[Site "Khanty-Mansiysk RUS"]
[Date "2010.09.21"]
[Round "1.4"]
[White "Jung, Young Hoon"]
[Black "Bitoon, Richard"]
[Result "0-1"]
[WhiteElo "1923"]
[BlackElo "2447"]
[PlyCount "55"]
[EventDate "2010.09.21"]
[EventType "team"]
[EventRounds "11"]
[EventCountry "RUS"]
[Source "lmi"]
[SourceDate "2010.09.21"]
[WhiteTeam "KOR"]
[BlackTeam "PHI"]

1. d4 Nf6 2. c4 e6 3. Nf3 b6 4. g3 Ba6 5. Qc2 Bb7 6. Bg2 Bb4+ 7. Bd2 Be7 8. O-O
O-O 9. d5 exd5 10. Nh4 c6 11. cxd5 cxd5 12. Nc3 Na6 13. Nf5 Rc8 14. Bf4 Ne4 15.
Bxe4 dxe4 16. Bd6 Bf6 17. Bxf8 Qxf8 18. Qd2 Rc5 19. Ne3 Bxc3 20. bxc3 Bc6 21.
c4 Nc7 22. Rfd1 Ne6 23. Qd6 Qxd6 24. Rxd6 Nd8 25. Rad1 Ra5 26. R1d2 Ra3 27. Kf1
g6 28. Ng4 0-1

[Event "Olimpiada de Khanty-Mansiysk 2010"]
[Site "Khanty-Mansiysk RUS"]
[Date "2010.09.21"]
[Round "1.1"]
[White "Marcos, Joselito"]
[Black "Ghaem, Maghami Ehsan"]
[Result "0-1"]
[WhiteElo "2115"]
[BlackElo "2594"]
[PlyCount "96"]
[EventDate "2010.09.21"]
[EventType "team"]
[EventRounds "11"]
[EventCountry "RUS"]
[Source "lmi"]
[SourceDate "2010.09.21"]
[WhiteTeam "Papúa Nueva Guinea"]
[BlackTeam "Irán"]
[WhiteTeamCountry "PNG"]
[BlackTeamCountry "IRI"]

1. Nf3 Nf6 2. g3 b5 3. Bg2 Bb7 4. b3 e6 5. Bb2 c5 6. c4 b4 7. O-O Be7 8. d3 d5
9. Nbd2 O-O 10. Ne5 Nbd7 11. Nxd7 Qxd7 12. Rc1 Rac8 13. h3 Rfd8 14. Rc2 d4 15.
Bxb7 Qxb7 16. Nf3 Bd6 17. Bc1 h6 18. Ne1 Qd7 19. e4 dxe3 20. Bxe3 Be5 21. Re2
Bc3 22. Bd2 Bxd2 23. Qxd2 a5 24. Qe3 a4 25. f4 Qd4 26. Rf3 Qa1 27. g4 Qd4 28.
Kg2 Qxe3 29. Rfxe3 Ra8 30. Nf3 axb3 31. axb3 Ra3 32. Rb2 Nd7 33. Nd2 Nb8 34.
Ne4 Ra5 35. Ng3 Nc6 36. f5 Nd4 37. fxe6 Nxe6 38. Ne4 Ra1 39. Rf3 Rd1 40. Nf2
Re1 41. Ne4 Rxd3 42. Rxd3 Nf4+ 43. Kf3 Nxd3 44. Rd2 Ne5+ 45. Kf4 Ng6+ 46. Kf5
Nh4+ 47. Kf4 g5+ 48. Ke5 Nf3+ 0-1

[Event "Olimpiada de Khanty-Mansiysk 2010"]
[Site "Khanty-Mansiysk RUS"]
[Date "2010.09.21"]
[Round "1.3"]
[White "Marko, Helmut"]
[Black "Mahjoob, Morteza"]
[Result "0-1"]
[WhiteElo "2071"]
[BlackElo "2529"]
[PlyCount "39"]
[EventDate "2010.09.21"]
[EventType "team"]
[EventRounds "11"]
[EventCountry "RUS"]
[Source "lmi"]
[SourceDate "2010.09.21"]
[WhiteTeam "Papúa Nueva Guinea"]
[BlackTeam "Irán"]
[WhiteTeamCountry "PNG"]
[BlackTeamCountry "IRI"]

1. d4 g6 2. Nf3 Bg7 3. g3 f5 4. Bg2 Nf6 5. O-O O-O 6. c3 Kh8 7. Qb3 e6 8. h4
Nc6 9. Nbd2 Qe7 10. Nc4 d6 11. Bg5 h6 12. Bxf6 Qxf6 13. Qc2 e5 14. dxe5 dxe5
15. e4 f4 16. Rad1 Be6 17. b3 g5 18. hxg5 hxg5 19. Nh2 g4 20. f3 0-1

[Event "Olimpiada de Khanty-Mansiysk 2010"]
[Site "Khanty-Mansiysk RUS"]
[Date "2010.09.21"]
[Round "1.1"]
[White "Rozentalis, Eduardas"]
[Black "Dekker, Marvin"]
[Result "*"]
[WhiteElo "2611"]
[BlackElo "2097"]
[PlyCount "61"]
[EventDate "2010.09.21"]
[EventType "team"]
[EventRounds "11"]
[EventCountry "RUS"]
[Source "lmi"]
[SourceDate "2010.09.21"]
[WhiteTeam "LTU"]
[BlackTeam "AHO"]

1. d4 Nf6 2. Nf3 b6 3. c4 Bb7 4. Nc3 e6 5. Bg5 Be7 6. Qc2 d5 7. cxd5 exd5 8. e3
Nbd7 9. Bd3 Nb8 10. Bf1 Nbd7 11. Bd3 h6 12. Bxf6 Nxf6 13. g4 Nxg4 14. Rg1 h5
15. h3 Nf6 16. Rxg7 Kf8 17. Rg2 Rg8 18. Rxg8+ Kxg8 19. O-O-O Bb4 20. Rg1+ Kf8
21. Ne5 Bxc3 22. Qxc3 Qd6 23. Rh1 Qd8 24. Bf1 Ke8 25. Nf3 Nd7 26. Bd3 Nf6 27.
Rg1 Kf8 28. Rg8+ Kxg8 29. Ne5 Kf8 30. Qc2 Qd6 31. Qc3 *

[Event "Olimpiada de Khanty-Mansiysk 2010"]
[Site "Khanty-Mansiysk RUS"]
[Date "2010.09.21"]
[Round "1.4"]
[White "Timofeev, Artyom"]
[Black "Wassin, Sergej"]
[Result "1-0"]
[WhiteElo "2690"]
[BlackElo "2295"]
[PlyCount "69"]
[EventDate "2010.09.21"]
[EventType "team"]
[EventRounds "11"]
[EventCountry "RUS"]
[Source "lmi"]
[SourceDate "2010.09.21"]
[WhiteTeam "RU2"]
[BlackTeam "IBC"]

1. e4 c5 2. Nf3 Nc6 3. d4 cxd4 4. Nxd4 Qb6 5. Nb3 Nf6 6. Nc3 e6 7. Bd3 a6 8.
O-O Qc7 9. f4 d6 10. Qe2 b5 11. Bd2 Be7 12. Rae1 b4 13. Qd1 Bf8 14. Qe2 Be7 15.
Nd1 e5 16. Ne3 Be6 17. f5 Bxb3 18. axb3 Qb7 19. c3 O-O 20. Ra1 Qc7 21. Rae1 Qb7
22. Nd5 bxc3 23. bxc3 a5 24. Ra1 Qc7 25. Rae1 Qb7 26. Bc4 Bd8 27. Kh1 Nxd5 28.
Bxd5 Bf6 29. g4 h6 30. g5 hxg5 31. Rg1 Rfc8 32. Bxg5 Kf8 33. Qh5 Bxg5 34. Rxg5
a4 35. Rxg7 1-0

[Event "Olimpiada de Khanty-Mansiysk 2010"]
[Site "Khanty-Mansiysk RUS"]
[Date "2010.09.21"]
[Round "1.2"]
[White "Pesqueira, Jose"]
[Black "Jumabayev, Rinat"]
[Result "0-1"]
[WhiteElo "1982"]
[BlackElo "2547"]
[PlyCount "70"]
[EventDate "2010.09.21"]
[EventType "team"]
[EventRounds "11"]
[EventCountry "RUS"]
[Source "lmi"]
[SourceDate "2010.09.21"]
[WhiteTeam "ARU"]
[BlackTeam "Kazajstán"]
[BlackTeamCountry "KAZ"]

1. d4 Nf6 2. c4 e6 3. Nc3 Bb4 4. e3 c5 5. Bd3 O-O 6. Nf3 d5 7. O-O Nc6 8. a3
Bxc3 9. bxc3 dxc4 10. Bxc4 Qc7 11. Bd3 e5 12. Qc2 Rd8 13. Bb2 h6 14. h3 Qe7 15.
dxe5 Nxe5 16. Nxe5 Qxe5 17. c4 Qe7 18. Rfd1 Ne8 19. Rd2 Bd7 20. Rad1 Bc6 21.
Bh7+ Kf8 22. Rxd8 Rxd8 23. Rxd8 Qxd8 24. Bd3 Qe7 25. e4 Nc7 26. Qc3 Ne6 27. Qe5
f6 28. Qg3 a6 29. f4 Nd4 30. e5 Kg8 31. Qg6 fxe5 32. Qh7+ Kf8 33. Bg6 Qf6 34.
fxe5 Ne2+ 35. Kh2 Qf4+ 0-1

[Event "Olimpiada de Khanty-Mansiysk 2010"]
[Site "Khanty-Mansiysk RUS"]
[Date "2010.09.21"]
[Round "1.4"]
[White "Tromp, Rigoberto"]
[Black "Ismagambetov, Anuar"]
[Result "0-1"]
[WhiteElo "1992"]
[BlackElo "2492"]
[PlyCount "50"]
[EventDate "2010.09.21"]
[EventType "team"]
[EventRounds "11"]
[EventCountry "RUS"]
[Source "lmi"]
[SourceDate "2010.09.21"]
[WhiteTeam "ARU"]
[BlackTeam "Kazajstán"]
[BlackTeamCountry "KAZ"]

1. d4 Nf6 2. c4 e6 3. Nf3 d5 4. Nc3 Bb4 5. e3 O-O 6. Bd3 c5 7. cxd5 exd5 8. O-O
Nc6 9. h3 c4 10. Bb1 Re8 11. Qc2 g6 12. Ne2 Bf5 13. Qd1 Bxb1 14. Rxb1 Bd6 15.
Nc3 a6 16. a4 Na5 17. Nd2 Rc8 18. Re1 Bb4 19. Qc2 Qd7 20. Re2 Re6 21. Na2 Bxd2
22. Bxd2 Nb3 23. Nc3 Ne4 24. Nxe4 Rxe4 25. a5 Nxd4 0-1

[Event "Olimpiada de Khanty-Mansiysk 2010"]
[Site "Khanty-Mansiysk RUS"]
[Date "2010.09.21"]
[Round "1.4"]
[White "Bibasa, Bob"]
[Black "Buss, Ralph"]
[Result "1/2-1/2"]
[WhiteElo "2189"]
[BlackElo "2433"]
[PlyCount "89"]
[EventDate "2010.09.21"]
[EventType "team"]
[EventRounds "11"]
[EventCountry "RUS"]
[Source "lmi"]
[SourceDate "2010.09.21"]
[WhiteTeam "UGA"]
[BlackTeam "SUI"]

1. e4 c5 2. Nf3 d6 3. c3 Nf6 4. d3 g6 5. g3 Bg7 6. Bg2 O-O 7. O-O Nc6 8. h3 e5
9. Na3 h6 10. Nh2 Be6 11. f4 exf4 12. gxf4 Qd7 13. Qf3 Ne7 14. Nc4 d5 15. Ne3
d4 16. f5 dxe3 17. fxe6 fxe6 18. Bxe3 Nfd5 19. Qe2 Nxe3 20. Qxe3 b6 21. a3 Rad8
22. Rxf8+ Rxf8 23. Rf1 Rxf1+ 24. Bxf1 Nc6 25. Qg3 Kh7 26. Nf3 Qd8 27. h4 Ne7
28. Qf4 Ng8 29. Qf7 Qe7 30. Qxe7 Nxe7 31. d4 cxd4 32. cxd4 Nc6 33. e5 Kg8 34.
Bc4 Kf7 35. Kf2 Ne7 36. Ke3 Nf5+ 37. Ke4 Bf8 38. d5 exd5+ 39. Bxd5+ Ke8 40. Be6
Ng7 41. Bg4 Bc5 42. b4 Bf2 43. b5 Ke7 44. Kd5 Be3 45. Ke4 1/2-1/2

[Event "Olimpiada de Khanty-Mansiysk 2010"]
[Site "Khanty-Mansiysk RUS"]
[Date "2010.09.22"]
[Round "2.2"]
[White "Oatlhotse, Providence"]
[Black "Papatryfonos, Constantino"]
[Result "1-0"]
[WhiteElo "2213"]
[BlackElo "2133"]
[PlyCount "65"]
[EventDate "2010.09.21"]
[EventType "team"]
[EventRounds "11"]
[EventCountry "RUS"]
[Source "lmi"]
[SourceDate "2010.09.21"]
[WhiteTeam "Botswana"]
[BlackTeam "Chipre"]
[WhiteTeamCountry "BOT"]
[BlackTeamCountry "CYP"]

1. d4 d6 2. Nf3 Bg4 3. c4 Nd7 4. e4 g6 5. Be2 Bg7 6. Nc3 c5 7. Be3 e5 8. dxc5
dxc5 9. Nb5 Bxf3 10. Bxf3 Bf8 11. Qa4 a6 12. Nc3 h5 13. Rd1 Rc8 14. O-O Rc6 15.
Rd5 Qc7 16. Rd2 Bh6 17. Nd5 Qb8 18. Bxh6 Rxh6 19. Rfd1 Ngf6 20. Qa5 Nxd5 21.
Rxd5 Qc7 22. Qd2 Nf6 23. Rd8+ Ke7 24. Qxh6 Qxd8 25. Rxd8 Kxd8 26. Qf8+ Ne8 27.
Qxf7 b5 28. cxb5 axb5 29. Qd5+ Kc7 30. Qxe5+ Nd6 31. Qe7+ Kb6 32. e5 Nf5 33.
Qf7 1-0

[Event "Olimpiada de Khanty-Mansiysk 2010"]
[Site "Khanty-Mansiysk RUS"]
[Date "2010.09.23"]
[Round "3.1"]
[White "Stevic, Hrvoje"]
[Black "Ponomariov, Ruslan"]
[Result "1/2-1/2"]
[WhiteElo "2607"]
[BlackElo "2749"]
[PlyCount "30"]
[EventDate "2010.09.21"]
[EventType "team"]
[EventRounds "11"]
[EventCountry "RUS"]
[Source "lmi"]
[SourceDate "2010.09.21"]
[WhiteTeam "Croacia"]
[BlackTeam "Ucrania"]
[WhiteTeamCountry "CRO"]
[BlackTeamCountry "UKR"]

1. e4 e5 2. Nf3 Nc6 3. d4 exd4 4. Nxd4 Nf6 5. Nxc6 bxc6 6. Bd3 d5 7. exd5 cxd5
8. Bb5+ Bd7 9. Bxd7+ Qxd7 10. O-O Be7 11. Nd2 O-O 12. b3 Ng4 13. Bb2 Bf6 14.
Bxf6 Nxf6 15. Qf3 Rfe8 1/2-1/2

[Event "Olimpiada de Khanty-Mansiysk 2010"]
[Site "Khanty-Mansiysk RUS"]
[Date "2010.09.23"]
[Round "3.2"]
[White "Eljanov, Pavel"]
[Black "Kozul, Zdenko"]
[Result "1/2-1/2"]
[WhiteElo "2761"]
[BlackElo "2604"]
[PlyCount "89"]
[EventDate "2010.09.21"]
[EventType "team"]
[EventRounds "11"]
[EventCountry "RUS"]
[Source "lmi"]
[SourceDate "2010.09.21"]
[WhiteTeam "Ucrania"]
[BlackTeam "Croacia"]
[WhiteTeamCountry "UKR"]
[BlackTeamCountry "CRO"]

1. d4 Nf6 2. c4 g6 3. Nc3 Bg7 4. e4 d6 5. Nf3 O-O 6. Be2 e5 7. O-O Nbd7 8. Qc2
c6 9. d5 a5 10. Rd1 Nc5 11. Be3 cxd5 12. Bxc5 dxc5 13. cxd5 Ne8 14. Nd2 Bd7 15.
a4 f5 16. Bb5 Nd6 17. Bxd7 Qxd7 18. Qd3 Ra6 19. Nc4 fxe4 20. Qe2 e3 21. fxe3 e4
22. Nxd6 Rxd6 23. Nxe4 Rxd5 24. Qc4 Rff5 25. Rxd5 Qxd5 26. Nd2 Bxb2 27. Rb1
Qxc4 28. Nxc4 Bc3 29. Rxb7 Rd5 30. Kf2 Rd1 31. Ke2 Ra1 32. Kd3 Bb4 33. e4 Rd1+
34. Ke3 Rd4 35. Ne5 Bd2+ 36. Kf3 c4 37. Rc7 c3 38. Ng4 Bg5 39. Rxc3 Rxa4 40. g3
Be7 41. Nh6+ Kg7 42. Rc7 Kf8 43. Rc8+ Kg7 44. Rc7 Kf8 45. Rc8+ 1/2-1/2

[Event "Olimpiada de Khanty-Mansiysk 2010"]
[Site "Khanty-Mansiysk RUS"]
[Date "2010.09.23"]
[Round "3.3"]
[White "Saric, Ivan"]
[Black "Efimenko, Zahar"]
[Result "0-1"]
[WhiteElo "2567"]
[BlackElo "2683"]
[PlyCount "124"]
[EventDate "2010.09.21"]
[EventType "team"]
[EventRounds "11"]
[EventCountry "RUS"]
[Source "lmi"]
[SourceDate "2010.09.21"]
[WhiteTeam "Croacia"]
[BlackTeam "Ucrania"]
[WhiteTeamCountry "CRO"]
[BlackTeamCountry "UKR"]

1. e4 e5 2. Nf3 Nc6 3. Bb5 Nf6 4. O-O Nxe4 5. d4 Nd6 6. Bxc6 dxc6 7. dxe5 Nf5
8. Qxd8+ Kxd8 9. Nc3 Ke8 10. h3 b6 11. Rd1 Bb7 12. Bf4 Rc8 13. a4 c5 14. a5
Bxf3 15. gxf3 Nd4 16. axb6 axb6 17. Nd5 c6 18. Nxb6 Rb8 19. Rxd4 cxd4 20. Nc4
Ke7 21. Ra6 Ke6 22. Rxc6+ Kd5 23. Rc7 Bc5 24. b3 Rhc8 25. Rxf7 Rf8 26. Rxf8
Rxf8 27. Bd2 Rxf3 28. Kg2 Rf8 29. f4 Ra8 30. Ba5 Ke4 31. Kg3 Ra6 32. Nd2+ Kd5
33. c4+ dxc3 34. Bxc3 Ra2 35. Nc4 Ke4 36. Ba5 h5 37. Bd2 Be7 38. h4 Bc5 39. b4
Be7 40. Be1 Re2 41. Nd2+ Kf5 42. Nf3 Re3 43. Kf2 Re4 44. Bd2 Bxb4 45. Be3 Rc4
46. Ke2 Rc3 47. Ng5 Be7 48. Nf3 g6 49. Bd2 Ra3 50. Bc1 Ra4 51. Kd3 Bc5 52. Bd2
Ra3+ 53. Kc4 Rxf3 54. Kxc5 Rd3 55. Ba5 Ke6 56. Kc4 Rf3 57. Bd2 Rf2 58. Kd3 Kf5
59. e6 Kxe6 60. Ke3 Rh2 61. Be1 Kf5 62. Kf3 Rb2 0-1

[Event "Olimpiada de Khanty-Mansiysk 2010"]
[Site "Khanty-Mansiysk RUS"]
[Date "2010.09.23"]
[Round "3.4"]
[White "Moiseenko, Alexander"]
[Black "Palac, Mladen"]
[Result "0-1"]
[WhiteElo "2658"]
[BlackElo "2561"]
[PlyCount "92"]
[EventDate "2010.09.21"]
[EventType "team"]
[EventRounds "11"]
[EventCountry "RUS"]
[Source "lmi"]
[SourceDate "2010.09.21"]
[WhiteTeam "Ucrania"]
[BlackTeam "Croacia"]
[WhiteTeamCountry "UKR"]
[BlackTeamCountry "CRO"]

1. d4 Nf6 2. c4 e6 3. Nf3 d5 4. Nc3 Bb4 5. cxd5 exd5 6. Bg5 h6 7. Bh4 c5 8. e3
g5 9. Bg3 Ne4 10. Bb5+ Bd7 11. Bxd7+ Nxd7 12. O-O Bxc3 13. bxc3 O-O 14. Rc1 Rc8
15. Nd2 Nxd2 16. Qxd2 Re8 17. Rb1 Nb6 18. Qd3 Qd7 19. h3 Rc6 20. Qb5 a6 21. Qb3
cxd4 22. cxd4 Re7 23. a4 Nc4 24. Qa2 b6 25. Rb4 Kg7 26. Qe2 Qe6 27. Rd1 Re8 28.
Rb3 Na5 29. Rbd3 Rc4 30. f3 Rxa4 31. Re1 Nc4 32. e4 b5 33. h4 Qg6 34. Rdd1 Ra3
35. hxg5 hxg5 36. Rd3 Rxd3 37. Qxd3 a5 38. Qb3 Qc6 39. Rc1 dxe4 40. fxe4 Rxe4
41. Qf3 Qd5 42. Rf1 b4 43. Kh2 Ne3 44. Rc1 Ng4+ 45. Kh1 Rxd4 46. Qf1 Ne3 0-1

[Event "Olimpiada de Khanty-Mansiysk 2010"]
[Site "Khanty-Mansiysk RUS"]
[Date "2010.09.23"]
[Round "3.1"]
[White "Wojtaszek, Radoslaw"]
[Black "Sokolov, Ivan"]
[Result "0-1"]
[WhiteElo "2711"]
[BlackElo "2641"]
[PlyCount "80"]
[EventDate "2010.09.21"]
[EventType "team"]
[EventRounds "11"]
[EventCountry "RUS"]
[Source "lmi"]
[SourceDate "2010.09.21"]
[WhiteTeam "Polonia"]
[BlackTeam "Bosnia Herzegovina"]
[WhiteTeamCountry "POL"]
[BlackTeamCountry "BIH"]

1. d4 d5 2. c4 c6 3. Nc3 Nf6 4. e3 a6 5. Qc2 e6 6. Nf3 c5 7. cxd5 exd5 8. Be2
Nc6 9. O-O Be6 10. Rd1 Nb4 11. Qb1 Qc8 12. Bd2 Bf5 13. Qc1 c4 14. a3 Nd3 15.
Bxd3 Bxd3 16. Ne5 Bf5 17. e4 dxe4 18. Bg5 Qe6 19. Ne2 Nd5 20. Nf4 Nxf4 21. Bxf4
Rc8 22. d5 Qf6 23. d6 Bxd6 24. Rxd6 Qxd6 25. Nxf7 Qe6 26. Nd6+ Kf8 27. Qc3 Rd8
28. Rd1 Kg8 29. Rd2 Bg6 30. Be5 Rd7 31. Nxc4 h6 32. Nd6 Kh7 33. h3 Rhd8 34. Qg3
Rc8 35. b4 Rc1+ 36. Kh2 Rb1 37. f4 exf3 38. gxf3 Rb3 39. Bf4 Rxa3 40. Rg2 Ra2
0-1

[Event "Olimpiada de Khanty-Mansiysk 2010"]
[Site "Khanty-Mansiysk RUS"]
[Date "2010.09.23"]
[Round "3.2"]
[White "Predojevic, Borki"]
[Black "Socko, Bartosz"]
[Result "1/2-1/2"]
[WhiteElo "2624"]
[BlackElo "2657"]
[PlyCount "46"]
[EventDate "2010.09.21"]
[EventType "team"]
[EventRounds "11"]
[EventCountry "RUS"]
[Source "lmi"]
[SourceDate "2010.09.21"]
[WhiteTeam "Bosnia Herzegovina"]
[BlackTeam "Polonia"]
[WhiteTeamCountry "BIH"]
[BlackTeamCountry "POL"]

1. d4 Nf6 2. c4 g6 3. Nc3 Bg7 4. e4 d6 5. Nf3 O-O 6. Be2 e5 7. O-O Qe8 8. dxe5
dxe5 9. Be3 b6 10. b4 Qe7 11. Qb3 c6 12. a4 Bg4 13. h3 Bxf3 14. Bxf3 Nbd7 15.
b5 Rfc8 16. a5 Rab8 17. axb6 axb6 18. bxc6 Rxc6 19. Nd5 Qe6 20. Bg4 Nxg4 21.
hxg4 Rbc8 22. Rfc1 Bf8 23. f3 Bc5 1/2-1/2